00394 a2200121 4500001001000000005001700010008004100027245008600068100002000154700002200174773005900196999001700255ART_2359920260410161827.0260409a 10aInfluencia de los atributos en la formación de precios de hortalizas congeladas1 aRodriguez, Elsa1 aGonzález, Julia0 tFACESg- Año 18, Nº 38/39 (ene./dic. 2012)wREV5046 c22854d22854